Statistics for General Island Knowledge Quiz #2

Click here to take the quiz!

General Stats

  • This quiz has been taken 51 times
  • The average score is 7 of 15

Answer Stats

HintIsland% Correct
Largest island in the worldGreenland
89%
Kingston is the capital of this island nationJamaica
87%
Large island nation off the east coast of AfricaMadagascar
87%
Contains the capital of British ColumbiaVancouver Island
62%
Large, oblong-shaped island in western IndonesiaSumatra
57%
Largest of the Balearic islandsMallorca
55%
Southernmost of the "big four" islands of JapanKyushu
49%
This island nation was a socialist dictatorship from 1979 until American invasion in 1983Grenada
45%
Island located in the U.S. state of New York with a self-descriptive nameLong Island
45%
Despite their similar names, this Danish island containing the nation's capital, Copenhagen, is not the namesake of another nationZealand
45%
Portugal owned half of this southeast Asian island until 1975Timor
40%
The United States notched a crucial victory in World War II on this island in the Solomon IslandsGuadalcanal
26%
Yemeni island known for its unique plantsSocotra
19%
Largest island solely in the possession of Papua New GuineaNew Britain
15%
Largest island in the archipelago of SvalbardSpitsbergen
13%

Score Distribution

Percentile by Number Answered

Percent of People with Each Score

Your Score History

You have not taken this quiz